| 000 | 00652nam a2200217 a 4500 | ||
|---|---|---|---|
| 001 | HSB013772 | ||
| 003 | PILC | ||
| 005 | 20151007141826.0 | ||
| 008 | |||
| 020 | _a9719341815 | ||
| 050 |
_aDS 675.8 _b.R528 2006 |
||
| 100 | 1 | 0 | _aRizal, Jose P. |
| 245 | 1 | 0 |
_aNoli e angere - el fili busterismo / _cby Jose Rizal ; translated by Leon Ma. Guerrero. |
| 250 | _a4th edition. | ||
| 260 |
_aManila : _bGuerrero Publishing, Inc., _c2006. |
||
| 300 |
_axv, 358, 254 pages ; _c23 cm. |
||
| 600 |
_aRizal, Jose, _y1861-1896. |
||
| 650 | _aNoli Me Tangere. | ||
| 700 | 1 | _aGuerrero, Leon Ma. | |
| 942 |
_2lcc _cBK _kFIL |
||
| 999 |
_c288830 _d288830 |
||